Logo CIB grande

EFFECTS OF MIGRATION ON ALCOHOL USE: A SURVEY OF DRINKING PATTERNS, ATTITUDES AND ALCOHOL-RELATED PROBLEMS AMONG ECUADORIANS IN ECUADOR AND IN MONTREAL (Registro nro. 229241)

Detalles MARC
000 -LEADER
campo de control de longitud fija 00610nam a2200217Ia 4500
005 - FECHA Y HORA DE LA ÚLTIMA TRANSACCIÓN
campo de control 20250425162434.0
008 - DATOS DE LONGITUD FIJA--INFORMACIÓN GENERAL
campo de control de longitud fija 250425s9999 xx 000 0 und d
020 ## - NÚMERO INTERNACIONAL ESTÁNDAR DEL LIBRO
Número Internacional Estándar del Libro 9789978340332
041 ## - CÓDIGO DE IDIOMA
Código de lengua del texto/banda sonora o título independiente eng
082 ## - NÚMERO DE LA CLASIFICACIÓN DECIMAL DEWEY
Número de clasificación 304.8
010 ## - NÚMERO DE CONTROL DE LA BIBLIOTECA DEL CONGRESO
Número de control de LC 74013
100 ## - ENTRADA PRINCIPAL--NOMBRE DE PERSONA
Nombre de persona VEGA DELGADO, GUSTAVO
245 #0 - MENCIÓN DEL TÍTULO
Título EFFECTS OF MIGRATION ON ALCOHOL USE: A SURVEY OF DRINKING PATTERNS, ATTITUDES AND ALCOHOL-RELATED PROBLEMS AMONG ECUADORIANS IN ECUADOR AND IN MONTREAL
250 ## - MENCION DE EDICION
Mención de edición S.E.
260 ## - PUBLICACIÓN, DISTRIBUCIÓN, ETC.
Lugar de publicación, distribución, etc. Ecuador
Nombre del editor, distribuidor, etc. UNAP
Fecha de publicación, distribución, etc. 2009
260 ## - PUBLICACIÓN, DISTRIBUCIÓN, ETC.
Lugar de publicación, distribución, etc. S.L.
300 ## - DESCRIPCIÓN FÍSICA
Extensión 225
650 ## - PUNTO DE ACCESO ADICIONAL DE MATERIA--TÉRMINO DE MATERIA
Término de materia o nombre geográfico como elemento de entrada ALCOHOLISMO
650 ## - PUNTO DE ACCESO ADICIONAL DE MATERIA--TÉRMINO DE MATERIA
Término de materia o nombre geográfico como elemento de entrada MIGRACION
942 ## - ELEMENTOS DE ENTRADA SECUNDARIOS (KOHA)
Tipo de ítem Koha Libros
Existencias
Estatus retirado Estado de pérdida Estado de daño No para préstamo Biblioteca de origen Biblioteca actual Ubicación en estantería Fecha de adquisición Coste, precio normal de compra Etiqueta RFID Total de préstamos Código de barras Copia número Tipo de ítem Koha
        CENTRO DE INFORMACIÓN BIBLIOTECARIA CENTRO DE INFORMACIÓN BIBLIOTECARIA   27/05/2010 5.00 0000000000000000003169   D-42544 1 Libros

Copyright 2025 ESPOL. Todos los derechos reservados.